|
|
|
|
| LEADER |
00000nab a2200000ua 4500 |
| 001 |
vtls010781279 |
| 003 |
SK-MaSNL |
| 005 |
20260304010530.0 |
| 008 |
230214s2006 xo |||||||||||||||||eng| |
| 035 |
|
|
|a (urnnbn)urn:nbn:sk:snk:ar-a03in9
|
| 035 |
|
|
|a (uuid)826df415-b453-4a71-925d-bb3fb31c635b
|
| 035 |
|
|
|a urn:nbn:sk:snk-ab5alg
|
| 040 |
|
|
|a SNKBUCL
|b slo
|c SNKBUCL
|e AACR2
|
| 041 |
0 |
|
|a eng
|
| 044 |
|
|
|a xo
|c SK
|
| 100 |
1 |
|
|a Jurkovicova, J.
|4 aut
|9 805112
|
| 245 |
1 |
0 |
|a Community noise annoyance assessment in an urban agglomeration
|c J. Jurkovicova, L. Aghova, L. Sevcikova, L. Sobotová, Z. Stefanikova
|
| 700 |
1 |
|
|a Ághová, Ľubica,
|d 1941-
|4 aut
|9 196898
|
| 700 |
1 |
|
|a Sevcikova, L.
|4 aut
|9 826543
|
| 700 |
1 |
|
|a Argalášová, Ľubica,
|d 1966-
|4 aut
|9 248739
|
| 700 |
1 |
|
|a Stefanikova, Z.
|4 aut
|9 805113
|
| 773 |
0 |
|
|t Bratislavské lekárske listy
|g Roč. 107, č. 5 (2006), s. 214-216
|
| 958 |
|
|
|a OND
|
| 958 |
|
|
|a EUIPO
|
| 958 |
|
|
|a article3
|
| 999 |
|
|
|c 2561353
|d 2563283
|